Geography Quiz

Random Geography or City Quiz

Texas Cities Quiz Stats

 Plays Quiz Updated Apr 9, 2018

Score 0/20 Timer 06:00
22 Plays Today
Rank City % Correct
3Dallas
98.4%
1Houston
98%
4Austin
92.9%
2San Antonio
91.7%
5Fort Worth
80.3%
6El Paso
78%
8Corpus Christi
54.9%
11Lubbock
52.8%
14Amarillo
48.6%
7Arlington
47.8%
Rank City % Correct
16Brownsville
39.3%
9Plano
38.2%
10Laredo
33.1%
12Irving
27.1%
18Frisco
22.5%
13Garland
21.5%
19Pasadena
15.1%
20Mesquite
13.7%
15Grand Prairie
11.4%
17McKinney
7.9%

You're not logged in!

Compare scores with friends on all Sporcle quizzes.
OR
Log In

Sporcle TV

Today on Sporcle TV


Watch our educational content, quiz creation guides, and fun videos on Sporcle TV.

Show Comments

Extras

Top Quizzes Today


Score Distribution

Your Account Isn't Verified!

In order to create a playlist on Sporcle, you need to verify the email address you used during registration. Go to your Sporcle Settings to finish the process.

Report this User

Report this user for behavior that violates our Community Guidelines.

Details: